MARC

LEADER 00000nam0a2200000 4500
001 167371
005 20231031162757.0
035 |a (RuTPU)RU\TPU\book\181578 
090 |a 167371 
100 |a 20091015d1982 m y0rusy50 ca 
101 0 |a rus 
102 |a RU 
105 |a a z 001zy 
200 1 |a Оптимизация режимов эксплуатации объектов добычи природного газа  |f Ю. П. Коротаев, В. Г. Тагиев, В. Д. Самородкин 
210 |a Москва  |c Недра  |d 1982 
215 |a 232 с.  |c ил. 
320 |a Библиогр.: с. 230-231. 
610 1 |a природный газ 
610 1 |a добыча 
610 1 |a объекты 
610 1 |a месторождения 
610 1 |a разработка 
610 1 |a фильтрация 
610 1 |a технологические процессы 
610 1 |a управление 
610 1 |a математическое моделирование 
675 |a 622.279  |v 3 
700 1 |a Коротаев  |b Ю. П.  |g Юрий Павлович 
701 1 |a Тагиев  |b В. Г.  |g Валерий Гулиевич 
701 1 |a Самородкин  |b В. Д.  |g Виктор Дмитриевич 
801 1 |a RU  |b 63413507  |c 20091015 
801 2 |a RU  |b 63413507  |c 20100628  |g RCR 
942 |c BK